| 000 | 00542nam a22001577a 4500 | ||
|---|---|---|---|
| 005 | 20251108174648.0 | ||
| 008 | 250721s2008 xx 000 0 ara d | ||
| 082 | 1 | 4 | _a519.53/بيا |
| 100 | 1 |
_aالبياتي، عبد الجبار توفيق _eمؤلف |
|
| 245 | 1 | 0 | _aالإحصاء و تطبيقاته في العلوم التربوية و النفسية / |
| 264 | 1 |
_aعمان : _bإثراء للنشر و التوزيع، _c2008. |
|
| 300 | _a320 ص. | ||
| 650 | 1 | 7 | _aالاحصاا الوصفي |
| 942 |
_2ddc _cBK |
||
| 999 |
_c114779 _d114779 |
||